000 01800aam a2200349 i 4500
999 _c47221
_d47221
001 768714001
003 CO-MdFUSBC
005 20190711162009.0
008 190605t2001 ag |||| |||| 00| 0 spa d
020 _a9508021330
040 _bspa.
_aCO-MdFUSB
_cCO-MdFUSB
_dCO-MdFUSBC
_erda
041 _aspa
082 _222
_a361.3
_bD536
245 1 0 _aEl diagnóstico social : Proceso de conocimiento e intervención profesional
_c/ Mercedes Escalada , [y otros cinco]
264 1 _aBuenos Aires, Argentina :
_bEspacio,
_c[2001]
264 4 _c© 2001
300 _a157 páginas
_c; 20 cm
336 _atexto
_btxt
_2rdacontent
337 _2rdamedia
_asin mediación
_bn
338 _2rdacarrier
_avolumen
_bnc
490 _aCiencias Sociales
505 _aTeoría y epistemología en la construcción de diagnósticos sociales -- Razón moderna, conocimiento crítico y acción transformadora de la realidad -- Notas sobre mediaciones: algunos elementos para la sistematización de la reflexión del tema -- Acción, estructura y sentido en la investigación diagnóstica -- La investigación diagnóstica en Trabajo social -- El proceso de elaboración de diagnósticos locales desde una perspectiva estratégica -- Un nuevo mirar para la cuestión de los instrumentales técnico-operativos en Trabajo Social -- Lo que el viento no se llevó... El registro de Trabajo de Campo y su importancia en el proceso de intervención profesional del Trabajo Social
563 _aRústico.
653 _aSociedad
700 _92090
_aFernández Soto, Silvia.
_eautor
700 _92091
_aFuentes, María Pilar.
_eautor
700 _92092
_aKoumrouyan, Elza.
_eautor
700 _92093
_aMartinelli, María Lúcia.
_eautor
700 _92095
_aTravi, Bibiana.
_eautor
942 _cBK
945 _aJTF-925